Statistics for Wolverhampton Wanderers Scorers in Premier League 2019-20

Click here to take the quiz!

General Stats

  • This quiz has been taken 75 times
  • The average score is 9 of 12

Answer Stats

PlayerGoals% Correct
Raúl Jiménez17
100%
Rúben Neves2
94%
João Moutinho1
92%
Diogo Jota7
91%
Adama Traoré4
86%
Matt Doherty4
72%
Pedro Neto3
71%
Romain Saïss2
69%
Leander Dendoncker4
63%
Daniel Podence1
62%
Patrick Cutrone2
31%
Jonny Castro2
20%

Score Distribution

Percentile by Number Answered

Percent of People with Each Score

Your Score History

You have not taken this quiz